000 00582cab a2200205 4500
001 ABS40545
008 090401t1989 xxu||||| |||| 00| 0 eng d
035 _a(Sirsi) u24646
041 _aeng
100 _aBeaman, M.
245 _aBusiness rates: softening the blow?
260 _c1989
350 _a0
490 _aEstates Gazette
_v(8909) 4 March 1989, 24-82(2)
520 _aA critical review of Government proposals for the phasing in of the uniform business rate .
650 _aBUSINESS RATES
690 _aRATING AND VALUATION
942 _n0
948 _c04/03/1997
999 _c16532
_d16532